Finding Nemo : (Record no. 16008)

MARC details
000 -LEADER
fixed length control field 01963nam a22003257a 4500
003 - CONTROL NUMBER IDENTIFIER
control field dpl
005 - DATE AND TIME OF LATEST TRANSACTION
control field 2008090303483.0
007 - PHYSICAL DESCRIPTION FIXED FIELD--GENERAL INFORMATION
fixed length control field DVD
008 - FIXED-LENGTH DATA ELEMENTS--GENERAL INFORMATION
fixed length control field 050907s2005 cau105 g 00| 0 eng d
010 ## - LIBRARY OF CONGRESS CONTROL NUMBER
LC control number DVD-000767-769
024 ## - OTHER STANDARD IDENTIFIER
Standard number or code A1075
Terms of availability 499.00
035 ## - SYSTEM CONTROL NUMBER
System control number DVD-000767-769
040 ## - CATALOGING SOURCE
Original cataloging agency DPL
Transcribing agency DPL
092 ## - LOCALLY ASSIGNED DEWEY CALL NUMBER (OCLC)
Classification number DVD / FIND
245 ## - TITLE STATEMENT
Title Finding Nemo :
Medium [videorecording] DVD /
Statement of responsibility, etc Walt Disney Pictures Presents
Remainder of title A Pixer Animated Studio Film
260 ## - PUBLICATION, DISTRIBUTION, ETC. (IMPRINT)
Name of publisher, distributor, etc Walt Disney Home Entertainment
300 ## - PHYSICAL DESCRIPTION
Extent 1 videocassette (100 min.)
Other physical details sd., col. ;
Dimensions 4-3/4 in.
Type of unit DVD
440 ## - SERIES STATEMENT/ADDED ENTRY--TITLE
Title Walt Disney Home Entertainment
500 ## - GENERAL NOTE
General note Plunge Into The Filmmakers World
500 ## - GENERAL NOTE
General note Distributor in India Excel Production Audiovisuals Pvt. Ltd. Mumbai
508 ## - CREATION/PRODUCTION CREDITS NOTE
Creation/production credits note Director of photography, Oliver Wood ; art directors, Shepherd Frankel, Don Macaulay ; editor, William Hoy ; music, Miri Ben-Ari, John Ottman ; costume designer, Jose Fernandez, Wendy Partridge ; production designer, Bill Boes ; visual effects supervisors
538 ## - SYSTEM DETAILS NOTE
System details note Dolby digital 5.1, English, Mandarin, Thai, Cantonese Subtitles: English, Chinese, Thai, Bahasa
538 ## - SYSTEM DETAILS NOTE
System details note Aspect Ratio 1:78.1,Presentation Type: Wide Screen, Presentation Size: 16x9 , Format: DVD 9 Dual Layer Single Sided Disc. Layer Transition may trigger a slight pause.
650 ## - SUBJECT ADDED ENTRY--TOPICAL TERM
Topical term or geographic name as entry element Animated Movie
942 ## - ADDED ENTRY ELEMENTS (KOHA)
Koha item type CD-ROMs, DVDs, VHS
Source of classification or shelving scheme Dewey Decimal Classification
Classification part DVD
Call number suffix FIND
Holdings
Withdrawn status Lost status Source of classification or shelving scheme Damaged status Not for loan Home library Current library Date acquired Source of acquisition Cost, normal purchase price Total Checkouts Full call number Barcode Date last seen Date checked out Copy number Cost, replacement price Price effective from Koha item type
    Dewey Decimal Classification     Central Library Central Library 30/09/2008 Purchase 499.00 17 DVD FIND DVD-000767 23/12/2015 17/12/2015 1 499.00 30/09/2008 CD-ROMs, DVDs, VHS
    Dewey Decimal Classification     Patel Nagar Patel Nagar 30/09/2008 Purchase 499.00 8 DVD FIND DVD-000769 19/08/2013 10/08/2013 1 499.00 30/09/2008 CD-ROMs, DVDs, VHS
    Dewey Decimal Classification     Sarojini Nagar Sarojini Nagar 30/09/2008 Purchase 499.00 39 DVD FIND DVD-000768 21/06/2018 18/06/2018 1 499.00 30/09/2008 CD-ROMs, DVDs, VHS

© Delhi Public Library
Hit Counter
free hit counter